Odd English Words - Statistics

General Stats
  • This quiz has been taken 5 times
  • The average score is 2 of 42
Answer Stats
Hint Class Answer % Correct
Done in secret to conceal one's purpose... Adjective clandestine
40%
The lowest point... Noun nadir
40%
The general attitude of the time... Noun zeitgeist
40%
One's appearance and features... Noun countenance
20%
To throw out of a window... Verb defenstrate
20%
The highest point... Noun zenith
20%
A very deep, if not the deepest, hole... Noun abysm
0%
Unfading, eternal, and infinite... Adjective amaranthine
0%
Jet-black... Adjective atrous
0%
Colored like dead ashes... Adjective cinereous
0%
Inlaid with silver or gold... Adjective damascene
0%
A heavy flood... Noun diluvium
0%
Boiling, of water or emotions... Noun ebullience
0%
Monetary payment for a job... Noun emolument
0%
State of opposition or being an enemy... Noun enmity
0%
Having much energy or heat... Adjective febrile
0%
Doomed to die in the near future... Adjective fey
0%
Able to bear fruit... Adjective fructiferous
0%
The sensation of choking during tears... Noun globus
0%
A detestable or lowly person... Noun gomeral
0%
A scene or state of being gruesome... Noun grotesquerie
0%
Uninterested in things... Adjective lackadaisical
0%
Using as few words as possible... Adjective laconic
0%
Nothing... Noun nihility
0%
Forgetting, or being forgotten... Noun oblivescence
0%
Also hateful speech... Noun obloquy
0%
Hateful speech... Noun opprobrium
0%
A state of sickliness or heavy emotion... Noun paroxysm
0%
Closeness... Noun propinquity
0%
The final member of a series, save for four... Noun propreantepenult
0%
A feeling of sickening hatred... Noun rancor
0%
Of an obscure field of study... Adjective recondite
0%
Something returned... Noun revenant
0%
To shine off and on... Noun scintillate
0%
A week... Noun sennight
0%
The realization that other people are... Noun sonder
0%
Something's ultimate purpose... Noun telos
0%
Relating to bows and arrows... Adjective toxophilite
0%
The usage of too many words... Noun verbosity
0%
Hateful and scathing... Adjective vitriolic
0%
A wind that comes from the west... Noun westerly
0%
Full of anger and wrath... Noun wroth
0%
No matching quizzes found
Score Distribution
Percent of People with Each Score
Percentile by Number Answered
Your Score History
You have not taken this quiz